000 01379cam a22004095a 4500
999 _c13679
_d13679
001 644744
003 EG-ScBUE
005 20191215140959.0
007 ta
008 940225r19981992enka f b 000 0 eng d
020 _a0194370550 (pbk.) :
020 _a9780194370554
035 _a(OCoLC)27642676
040 _aUk
_beng
_erda
_cUk
_dICarbS
_dCoGrU
_dDLC
_dEG-ScBUE
082 0 4 _a428.24
_bMUR
_222
100 1 _aMurphey, Tim,
_eauthor.
_912670
245 1 0 _aMusic & song /
_cTim Murphey.
246 3 _aMusic and song
250 _aSeventh impression.
264 1 _aOxford ;
_aNew York :
_bOxford University Press,
_c1998.
300 _a151 pages :
_billustrations ;
_c25 cm.
336 _2rdacontent
_atext
_btxt
337 _2rdamedia
_aunmediated
_bn
338 _2rdacarrier
_avolume
_bnc
490 0 _aResource books for teachers
500 _aIncludes appendix.
504 _aIncludes bibliographical references.
590 _aEman kamel
650 7 _aEnglish language
_xStudy and teaching
_xForeign speakers.
_2BUEsh
_912671
650 7 _aMusic and language.
_2BUEsh
_912672
650 7 _aMusic in education.
_2BUEsh
_912673
653 _bHHUUEENN
_cJuly2019
655 _vReading book
740 0 _aMusic and song.
942 _2ddc
_cBB